00432cam a22001692 4500001001100000005001700011008004100028020001700069040001500086245003600101250001200137260003100149300001000180650003100190700003800221852000300259000001963520151217155901.0110114s xx 000 0 eng d a0810980991 : aKABUcKABU10aMaasai. :cTepilit Ole Saitoti. a1st ed. aNew York :bAbrams,c1990. a276p. 0aMasaizAfrica.@00001794441 aSaitoti, Ole Tepilit.@00001794451